[Event "Oberliga Bayern 9495"]
[Site "Bayern"]
[Date "1995.??.??"]
[Round "?.2"]
[White "Bus, Mariusz"]
[Black "Wach, Markus"]
[Result "0-1"]
[WhiteElo "2385"]
[BlackElo "2380"]
[Annotator "Bulletin"]
[PlyCount "156"]
[EventDate "1994.10.09"]
[EventType "team-tourn"]
[EventRounds "9"]
[EventCountry "GER"]
[SourceTitle "EXT 1999"]
[Source "ChessBase"]
[SourceDate "1998.11.16"]
[SourceVersion "1"]
[SourceVersionDate "1998.11.16"]
[SourceQuality "1"]
[WhiteTeam "Hof SK"]
[BlackTeam "Pang/Rosenheim SG"]
[WhiteTeamCountry "GER"]
[BlackTeamCountry "GER"]

1. e4 c5 2. Nf3 d6 3. Bb5+ Bd7 4. Bxd7+ Qxd7 5. O-O Nc6 6. c3 Nf6 7. Re1 e6 8.
d4 cxd4 9. cxd4 d5 10. e5 Ne4 11. Nbd2 Nxd2 12. Bxd2 Be7 13. Qb3 O-O 14. Qd3
Rac8 15. h4 f5 16. exf6 Bxf6 17. Re2 Nd8 18. Rae1 Rc6 19. Bg5 Nf7 20. Qe3 Qe7
21. Bxf6 Qxf6 22. Qb3 Rb6 23. Qa3 a6 24. Rc1 Qf4 25. Rec2 Nd6 26. Qe3 Qxe3 27.
fxe3 Nc4 28. b3 Nxe3 29. Rc8 Ng4 30. h5 h6 31. Ne5 Nxe5 32. dxe5 Rb5 33. Rxf8+
Kxf8 $17 34. Rc8+ Ke7 35. Rc7+ Ke8 $5 36. Rxg7 d4 37. Rg4 Rd5 (37... Rxe5 38.
Rxd4 Rxh5) 38. Kf2 d3 39. Ke1 Rxe5+ 40. Kd2 Rxh5 41. Kxd3 Rg5 42. Re4 Kd7 43.
g4 Kd6 44. Rb4 b5 45. Rf4 h5 46. gxh5 Rxh5 47. a4 Rh3+ 48. Kc2 Re3 49. a5 Kc5
50. b4+ Kd5 51. Rf7 Re4 52. Rd7+ Ke5 53. Ra7 Rc4+ 54. Kd3 Rc6 55. Rh7 Kd5 56.
Rd7+ Rd6 57. Rc7 e5 58. Rc5+ Ke6+ 59. Ke3 Kf5 60. Rc8 Rh6 61. Ra8 Rh3+ 62. Ke2
Ke4 $5 63. Rxa6 Rh2+ 64. Kf1 Rb2 65. Rb6 Rxb4 66. a6 Kf3 67. Ke1 e4 68. a7 Ra4
69. Rb7 Ke3 70. Kd1 Ra2 71. Re7 b4 72. Rb7 Ra3 73. Kc2 Kf3 74. Kd1 Ra1+ 75. Kd2
Ra2+ 76. Kd1 b3 77. Rf7+ Ke3 78. Rb7 Ra1# 0-1

[Event "Mercosur Cup"]
[Site "Villa Martelli"]
[Date "2009.08.06"]
[Round "3"]
[White "Cori, Jorge Moise"]
[Black "Obregon, Carlos Andres"]
[Result "0-1"]
[WhiteElo "2418"]
[BlackElo "2406"]
[Annotator "CB"]
[PlyCount "104"]
[EventDate "2009.08.04"]
[EventType "tourn"]
[EventRounds "11"]
[EventCountry "ARG"]
[EventCategory "7"]
[SourceTitle "CBM 131 Extra"]
[Source "ChessBase"]
[SourceDate "2009.09.03"]
[SourceVersion "2"]
[SourceVersionDate "2009.09.16"]
[SourceQuality "1"]

1. e4 c5 2. Nf3 d6 3. Bb5+ Bd7 4. Bxd7+ Qxd7 5. O-O Nc6 6. b3 Nf6 7. d3 g6 8.
Bb2 Bg7 9. Nbd2 O-O 10. a4 d5 11. exd5 Nxd5 12. Bxg7 Kxg7 13. Nc4 f6 14. Ne3
Ndb4 15. Qd2 e5 16. Rad1 Rad8 17. Rfe1 Nd4 18. Nxd4 exd4 19. Nc4 Nd5 20. Qe2
Rfe8 21. Qf3 Re6 22. Rxe6 Qxe6 23. Kf1 Re8 24. Nd2 Nc3 25. Rc1 b6 26. h3 Qe5
27. g3 Qg5 28. Re1 Rxe1+ 29. Kxe1 Qe5+ 30. Kf1 f5 31. Qb7+ Kh6 32. Qf3 Qe7 33.
Nc4 Kg7 34. Kg2 Na2 35. Qd1 Nb4 36. Na3 Kf6 37. Qd2 Qb7+ 38. f3 (38. Kh2 Qf3
39. Nc4) 38... Nd5 39. Nc4 a6 (39... f4 $5 40. g4 Ne3+ 41. Kf2 $17) 40. Qh6 (
40. h4 b5 41. Qg5+ Ke6 $17) 40... Qe7 41. Kf2 b5 42. axb5 (42. Qh4+ Ke6 (42...
g5 $2 43. Qh6+) 43. Qxe7+ Kxe7 44. axb5 axb5 45. Na3 (45. Nd2 Nb4 $19)) 42...
axb5 43. Qh4+ Ke6 44. Qxe7+ Kxe7 45. Na3 {Diagrama #} (45. Na5 $5 Nb4 46. Ke2
Nxc2 $5 (46... Kd7 47. Nb7 Kc6 (47... Na6 48. b4 cxb4 49. Na5 Nc5 50. Nb3 Ne6
$17) 48. Nd8+ Kd7 49. Nb7 Na6 50. b4 cxb4 51. Na5 Nc5 (51... Kd6 52. Nb3 Kd5
53. f4 Nc5 54. Kf3) 52. Nb3 Ne6 (52... Nxb3 $2 53. cxb3 g5 54. f4 gxf4 55. gxf4
Ke7 56. Kf2 Ke6 57. Kf3 Kf7 58. Kg3 Kg6 59. Kh4 Kh6 60. Kg3 Kh5 61. Kg2 $11)
53. f4 $17) 47. Nb7 Na1 48. Nxc5 Kd6 49. Nb7+ (49. b4 Nc2 50. Na6 Kc6 51. Nc5
Nxb4 52. Ne6 Kd5 53. Nf8 Nc6 54. Kd2 Ne5) 49... Kc6 50. Na5+ Kb6 51. b4 Nc2 52.
Nb3 Nxb4 53. Nxd4) 45... Nc3 $1 {Dejando sin jugadas al caballo blanco en e3,
las negras lograrán mejorar poco a poco su posición y ganar la partida.} 46. g4
(46. f4 Kd6 47. Ke1 Kc6 48. Kd2 Kb6 49. g4 Ka5 50. Kc1 Ne2+ $19) 46... fxg4 47.
fxg4 g5 $1 48. Kg3 Kd6 49. h4 h6 50. hxg5 hxg5 51. Kf2 (51. Kf3 Kc6 52. Kg2 Kb6
53. Kf3 Ka5 $19) 51... Kc6 52. Kf3 (52. Ke1 Kb6 53. Kd2 Ka5 54. Kc1 Kb4 55. Kb2
Nd1+ 56. Kc1 Ne3 $19) 52... Kb6 {y el rey negro llegará a b4, capturando el
caballo blanco. Las negras se rindieron.} 0-1

[Event "Olympiad-32"]
[Site "Yerevan"]
[Date "1996.09.30"]
[Round "13.3"]
[White "Grosar, Aljosa"]
[Black "Rytshagov, Mikhail"]
[Result "1-0"]
[WhiteElo "2485"]
[BlackElo "2495"]
[Annotator "Chekhov,V"]
[PlyCount "75"]
[EventDate "1996.09.15"]
[EventType "team-swiss"]
[EventRounds "14"]
[EventCountry "ARM"]
[SourceTitle "CBM 055"]
[Source "ChessBase"]
[SourceDate "1996.12.01"]
[SourceVersion "1"]
[SourceVersionDate "1996.12.01"]
[SourceQuality "1"]
[WhiteTeam "Slovenia"]
[BlackTeam "Estonia"]
[WhiteTeamCountry "SLO"]
[BlackTeamCountry "EST"]

1. e4 c5 2. Nf3 d6 3. Bb5+ Bd7 4. Bxd7+ Qxd7 5. O-O Nf6 6. e5 dxe5 7. Nxe5 Qd6
8. d4 Qxd4 9. Qxd4 (9. Qe2 $5 Qe4 $1 (9... Nbd7 10. Nc4 $36) 10. Qb5+ $22 $13 {
Chekhov,V-Ryskin,A/Vladivostok/1994/0,5/10/} Nbd7 11. Nxd7 Nxd7 12. Nc3 Qc6 13.
Qxc6 bxc6 14. Be3 g6 15. Rad1 Bg7 16. Na4 $44) 9... cxd4 10. Rd1 e6 11. Rxd4
Bc5 12. Rd3 Nbd7 13. Nxd7 Nxd7 $10 14. Nc3 Nf6 $6 (14... Ne5 $5 15. Rg3 O-O 16.
Bf4 Ng6 17. Be3 Rac8 $10) 15. Bg5 Be7 16. Nb5 O-O 17. c4 a6 18. Nc3 Rfd8 19.
Rad1 $14 Rxd3 20. Rxd3 Rc8 (20... Rd8 21. Rxd8+ Bxd8 22. Ne4 Nxe4 23. Bxd8 f6
24. f3 Nd6 25. b3 e5 26. Kf2 Kf7 27. Ke3 Ke6 $10) 21. b3 Kf8 22. Kf1 Ke8 23.
Ke2 Rd8 24. h3 Rxd3 25. Kxd3 Kd7 26. Be3 e5 (26... Kc6 27. Bd4 g6 28. b4 $14)
27. c5 Ke6 28. Kc4 Nd7 29. b4 f5 30. f3 Bd8 31. a4 h5 32. b5 axb5+ 33. Nxb5 $16
g6 (33... Be7 34. Nc7+ Kf7 35. Kb5 $16) 34. Nd6 b6 35. Nb7 Bc7 36. Kb5 bxc5 37.
Kc6 $1 Bb6 (37... Bb8 38. Nxc5+ Nxc5 39. Bxc5 e4 40. fxe4 fxe4 41. a5 Kf5 42.
a6 Kf4 43. Kb7 $18) 38. Bxc5 $1 (38. Bxc5 Nxc5 39. Nxc5+ Bxc5 40. Kxc5 e4 41.
fxe4 fxe4 42. Kd4 Kf5 43. Ke3 Ke5 44. a5 Kd5 45. a6 Kc6 46. Kxe4 Kb6 47. Kf4
$18) 1-0

[Event "ARM-ch"]
[Site "Yerevan"]
[Date "1995.??.??"]
[Round "1"]
[White "Khachiyan, Melikset"]
[Black "Petrosian, Arshak B"]
[Result "1-0"]
[WhiteElo "2420"]
[BlackElo "2435"]
[Annotator "Chekhov,V"]
[PlyCount "57"]
[EventDate "1995.08.??"]
[EventType "tourn"]
[EventRounds "11"]
[EventCountry "ARM"]
[EventCategory "10"]
[SourceTitle "CBM 050"]
[Source "ChessBase"]
[SourceDate "1996.02.01"]
[SourceVersion "1"]
[SourceVersionDate "1996.02.01"]
[SourceQuality "1"]

1. e4 {Giese} c5 2. Nf3 d6 3. Bb5+ Bd7 4. Bxd7+ Qxd7 5. c4 e6 6. Nc3 Nc6 7. d4
cxd4 8. Nxd4 Nf6 9. O-O Be7 10. Be3 O-O 11. Qe2 Rfd8 (11... Rac8 12. Rad1 b6
13. f4 a6 14. b3 Qb7 15. Kh1 Rfe8 16. Nxc6 Qxc6 17. Bd4 Nd7 18. Rd3 $36 {
Nevednichy,V-Marin,M/Bucharest/1994/1|0/30/}) (11... Rfc8 12. Rad1 Nxd4 13.
Bxd4 Qc6 14. b3 a6 15. f4 Nd7 16. Rd3 Bf6 17. Bxf6 Nxf6 18. Rfd1 $14 {Vasiukov,
E-Arbakov,V/Tiraspol/1994/0|1/42/}) (11... b6 12. Rad1 Rad8 13. f4 Rfe8 14. Kh1
Bf8 15. e5 $1 dxe5 16. fxe5 Nxe5 17. Nf3 Qc7 18. Bf4 Qxc4 19. Bxe5 Qxe2 20.
Nxe2 $16 {Bologan,V-Tisdall,J/Gausdal/1991/0,5/53/}) 12. Rad1 (12. Rfd1 Rac8
13. Nb3 b6 14. f4 Qb7 15. Bf2 a6 16. Rac1 Rb8 $132 {Korchnoi,V-Georgiev,Kir/
Biel/1992/0,5/63/}) 12... b6 13. f4 Rac8 14. b3 Qb7 15. Nxc6 Qxc6 16. Bd4 a6
17. Kh1 Rb8 (17... Nd7 $5 18. Rd3 Bf6 19. Rfd1 b5 $132) 18. f5 $1 e5 (18... b5
19. cxb5 axb5 20. fxe6 fxe6 21. e5 dxe5 22. Bxe5 $16) 19. Be3 b5 (19... Nxe4
20. Nd5 Bf8 21. Bxb6 Rxb6 22. Qxe4 $16) 20. Nd5 Nxd5 (20... Qb7 $6 21. Nxe7+
Qxe7 22. Bg5 $16) 21. cxd5 Qd7 22. Rd3 $1 (22. Rc1 $6 Rbc8 $10) 22... Rdc8 23.
Qh5 b4 $6 (23... Bf6 $5 24. Bh6 (24. Bg5 Qd8) 24... gxh6 25. Qxh6 Bg7 26. Rg3
f6 27. Qxf6 Rc3 28. Rg4 Rf8 29. Qg5 Kh8 30. f6 Rxf6 31. Rxf6 Qxg4 $1) 24. Bh6
$1 Qb5 $2 (24... Bf8 25. Bxg7 Bxg7 (25... Kxg7 26. Qg5+ Kh8 27. Rg3 $18) 26. f6
Bxf6 27. Rxf6 Rc1+ 28. Rd1 Rxd1+ 29. Qxd1 $16) (24... Bf6 $2 25. Rg3 Qb5 (25...
Rc3 $132 {Giese}) 26. Rd1 (26. Rg1 $5) 26... Kh8 (26... Kf8 27. Bg5 Ke7 28.
Qxh7 Qe2 29. Rg1 Qxe4 30. Qxg7 Qxf5 31. Bxf6+ Qxf6 32. Qxf6+ Kxf6 33. Rf1+ Ke7
34. Rg7 Rf8 35. h4 $16) 27. Bxg7+ Bxg7 28. f6 Bxf6 29. Qh6 $18) (24... f6 $142
25. Bxg7 (25. Bd2 Qb5 $132) (25. Rg3 Bf8 26. Be3 Rc2 (26... Qb5 $5) 27. Rh3
Rxa2 (27... h6 $5) 28. Qxh7+ Kf7 29. Qg6+ Ke7 30. Rh7 Kd8 31. Bh6 Qb5 32. Rg1
$16) 25... Kxg7 26. Rg3+ Kh8 27. Qf7 Rg8) 25. Qg4 g6 (25... Bf8 26. Bxg7 Bxg7
27. f6 $18) 26. fxg6 hxg6 27. Rdf3 Rf8 28. h4 (28. Bxf8 Rxf8 29. h4 $18) 28...
Qe2 29. h5 1-0

[Event "Gran Canaria op"]
[Site "Las Palmas"]
[Date "1997.??.??"]
[Round "?"]
[White "Tkachiev, Vladislav"]
[Black "Epishin, Vladimir"]
[Result "1/2-1/2"]
[WhiteElo "2615"]
[BlackElo "2570"]
[Annotator "ChessBase"]
[PlyCount "41"]
[EventDate "1997.??.??"]
[EventType "swiss"]
[EventRounds "9"]
[EventCountry "ESP"]
[SourceTitle "EXT 1999"]
[Source "ChessBase"]
[SourceDate "1998.11.16"]
[SourceVersion "1"]
[SourceVersionDate "1998.11.16"]
[SourceQuality "1"]

1. e4 c5 2. Nf3 d6 3. Bb5+ Bd7 4. Bxd7+ Qxd7 5. c4 Nc6 6. Nc3 Nf6 7. O-O e6 8.
d4 cxd4 9. Nxd4 Rc8 10. Be3 Be7 11. Qe2 O-O 12. Rad1 Qc7 13. Ndb5 Qb8 14. Bf4
Ne5 15. c5 $5 Rxc5 16. Be3 b6 $1 17. Bxc5 bxc5 $44 (17... dxc5 $2 18. f4 Nc6
19. e5 $16 {Epishin}) 18. Na3 Rd8 19. Nc4 Nxc4 20. Qxc4 Ng4 21. Qe2 1/2-1/2

[Event "AUT-ch"]
[Site "Moesern"]
[Date "1997.08.05"]
[Round "4"]
[White "Weinzettl, Ernst"]
[Black "Danner, Georg"]
[Result "1-0"]
[WhiteElo "2410"]
[BlackElo "2415"]
[Annotator "ChessBase"]
[PlyCount "117"]
[EventDate "1997.08.??"]
[EventType "tourn"]
[EventRounds "15"]
[EventCountry "AUT"]
[EventCategory "6"]
[SourceTitle "CBM 059 Extra"]
[Source "ChessBase"]
[SourceDate "1997.09.26"]
[SourceVersion "1"]
[SourceVersionDate "1997.09.26"]
[SourceQuality "1"]

1. e4 c5 2. Nf3 d6 3. Bb5+ Bd7 4. Bxd7+ Nxd7 5. O-O Ngf6 6. Qe2 e6 7. b3 Be7 8.
Bb2 O-O 9. d3 Qc7 10. Nbd2 Ne5 11. Nxe5 dxe5 12. Nc4 Nd7 13. g3 Bf6 14. f4 exf4
15. e5 Be7 16. Rxf4 b5 17. Nd2 Bg5 18. Rg4 Bxd2 19. Qxd2 f5 (19... Nxe5 $4 20.
Rxg7+ Kxg7 21. Qg5+ Kh8 22. Qf6+ Kg8 23. Bxe5) 20. exf6 Nxf6 21. Rh4 Rae8 22.
Re1 Qf7 23. Rf4 Qg6 24. Re5 a6 25. Qe2 Nd5 26. Rg4 Qf7 27. Reg5 g6 28. c4 bxc4
29. dxc4 Nb4 30. Rf4 {[#]} Qc7 31. Rxf8+ Rxf8 32. Qxe6+ Qf7 33. Qxf7+ Kxf7 34.
Rxc5 Nd3 35. Rc7+ Ke6 36. Bd4 Kf5 37. Re7 Rd8 38. Be3 h5 39. Kg2 Ne5 40. h3 Rd1
41. Bh6 g5 42. Bg7 Rd2+ 43. Kf1 Nd3 44. Re2 Rd1+ 45. Kg2 g4 46. h4 Kg6 47. Bc3
Rc1 48. Bd4 Kf7 49. Bf2 Rd1 50. a3 Rc1 51. Bd4 Ne1+ 52. Kf2 Nf3 53. Bb2 Rd1 54.
c5 Ng1 55. c6 Nxe2 56. c7 Rd2 57. c8=Q Rxb2 58. Qf5+ Kg8 59. Qg6+ 1-0

[Event "Khanty-Mansiysk FIDE GP (Women)"]
[Site "Khanty-Mansiysk"]
[Date "2014.04.11"]
[Round "3"]
[White "Muzychuk, Anna"]
[Black "Lagno, Kateryna"]
[Result "1/2-1/2"]
[WhiteElo "2560"]
[BlackElo "2543"]
[Annotator "ChessBase Website"]
[PlyCount "64"]
[EventDate "2014.04.09"]
[EventType "tourn"]
[EventRounds "11"]
[EventCountry "RUS"]
[EventCategory "10"]
[SourceTitle "CBM 160"]
[Source "ChessBase"]
[SourceDate "2014.05.15"]
[SourceVersion "1"]
[SourceVersionDate "2014.05.15"]
[SourceQuality "1"]
[TimeControl "40/5400+30:1800+30"]
[WhiteClock "1:30:00"]
[BlackClock "1:30:00"]

1. e4 {[%emt 0:00:00]} c5 {[%emt 0:00:00]} 2. Nf3 {[%emt 0:00:00]} d6 {[%emt 0:
00:10]} 3. Bb5+ {[%emt 0:05:13]} Bd7 {[%emt 0:00:22]} 4. Bxd7+ {[%emt 0:01:44]}
Qxd7 {[%emt 0:00:07]} 5. O-O {[%emt 0:01:29]} Nf6 {[%emt 0:00:33]} 6. e5 {
[%emt 0:01:32]} dxe5 {[%emt 0:00:21]} 7. Nxe5 {[%emt 0:00:04]} Qc8 {[%emt 0:00:
25]} 8. Qf3 {[%emt 0:08:03]} (8. Re1 Nc6 9. Nc4 e6 10. a4 Be7 11. Ra3 Qc7 12.
Rg3 g6 13. Nc3 a6 14. d3 Nd4 15. a5 Rd8 16. Rh3 O-O 17. Bh6 Rfe8 18. Qd2 Nd5
19. Kh1 Bf6 20. Ne3 Nxe3 21. fxe3 Nf5 22. Ne4 Qe7 23. Rf1 Bh4 24. Rf4 Nxh6 25.
Rfxh4 f5 26. Nxc5 Qxc5 27. Rxh6 Rd7 28. Rf3 Rc8 29. Rf2 Qe5 30. d4 Qe4 31. Kg1
e5 32. c3 Rc5 33. Rh3 Rxa5 34. Qd1 Rad5 35. Rhf3 b5 36. Qa1 R5d6 37. h3 h5 {
Rapport,R (2693)-Vachier Lagrave,M (2719) Biel 2013 1/2-1/2}) 8... e6 {[%emt 0:
01:44]} 9. d3 {[%emt 0:00:34]} Be7 {[%emt 0:06:28]} 10. Nc3 {[%emt 0:01:33]}
O-O {[%emt 0:00:57]} 11. Bg5 {[%emt 0:02:50]} Nd5 {[%emt 0:13:16]} 12. h4 {
[%emt 0:14:03]} Nc6 {[%emt 0:21:40]} 13. Nxd5 {[%emt 0:07:20]} Bxg5 {[%emt 0:
01:41]} 14. Nxc6 {[%emt 0:18:48]} Qxc6 {[%emt 0:00:31]} 15. hxg5 {[%emt 0:00:
04]} Qxd5 $146 {[%emt 0:01:58]} (15... exd5 16. Rae1 f6 17. gxf6 Rxf6 18. Qg3
Re6 19. Rxe6 Qxe6 20. Qc7 Qc6 21. Qxc6 bxc6 22. c4 Re8 23. cxd5 cxd5 24. Rc1
Rc8 25. Re1 a5 26. Re5 a4 27. Rxd5 Rb8 28. b3 axb3 29. axb3 Rxb3 30. Kf1 Rc3
31. Rd7 c4 32. dxc4 Rxc4 33. g3 h6 34. Kg2 Kh7 35. f4 h5 36. Kh3 Kh6 37. Rd6+
g6 38. Rb6 {1/2-1/2 (38) Rogos,J (2255)-Valutanu,M (2058) ICCF email 2009}) 16.
Qxd5 {[%emt 0:06:30]} exd5 {[%emt 0:00:05]} 17. Rfe1 {[%emt 0:00:08]} Rfe8 {
[%emt 0:00:15]} 18. f4 {[%emt 0:01:40]} Kf8 $11 {[%emt 0:10:02] Muzychuk's
experiment in the Sicilian gave Lagno no trouble at all. Black equalized
easily, traded off all the pieces and obtained a comfortable draw.} 19. Kf2 {
[%emt 0:00:15]} Rxe1 {[%emt 0:03:51]} 20. Rxe1 {[%emt 0:00:05]} Re8 {[%emt 0:
00:05]} 21. Rxe8+ {[%emt 0:08:53]} Kxe8 {[%emt 0:00:13]} 22. c4 {[%emt 0:00:03]
} Ke7 {[%emt 0:03:59]} 23. Kf3 {[%emt 0:00:53]} Ke6 {[%emt 0:03:11]} 24. Kg4 {
[%emt 0:01:55]} g6 {[%emt 0:13:49]} 25. Kf3 {[%emt 0:00:07]} dxc4 {[%emt 0:02:
16]} 26. dxc4 {[%emt 0:00:04]} f6 {[%emt 0:01:58]} 27. Ke4 {[%emt 0:01:34]}
fxg5 {[%emt 0:03:16]} 28. fxg5 {[%emt 0:00:04]} Kd6 {[%emt 0:00:02]} 29. Kf4 {
[%emt 0:00:16]} Ke6 {[%emt 0:00:06]} 30. Ke4 {[%emt 0:00:04]} Kd6 {[%emt 0:00:
26]} 31. Kf4 {[%emt 0:00:05]} Ke6 {[%emt 0:00:10]} 32. Ke4 {[%emt 0:00:06]} Kd6
{[%emt 0:00:29]} 1/2-1/2

[Event "Khanty-Mansiysk FIDE GP (Women)"]
[Site "Khanty-Mansiysk"]
[Date "2014.04.21"]
[Round "11"]
[White "Lagno, Kateryna"]
[Black "Ushenina, Anna"]
[Result "1-0"]
[WhiteElo "2543"]
[BlackElo "2501"]
[Annotator "ChessBase Website"]
[PlyCount "49"]
[EventDate "2014.04.09"]
[EventType "tourn"]
[EventRounds "11"]
[EventCountry "RUS"]
[EventCategory "10"]
[SourceTitle "CBM 160"]
[Source "ChessBase"]
[SourceDate "2014.05.15"]
[SourceVersion "1"]
[SourceVersionDate "2014.05.15"]
[SourceQuality "1"]
[TimeControl "40/5400+30:1800+30"]
[WhiteClock "1:30:00"]
[BlackClock "1:30:00"]

1. e4 {[%emt 0:00:00]} c5 {[%emt 0:00:00]} 2. Nf3 {[%emt 0:00:00]} d6 {[%emt 0:
00:00]} 3. Bb5+ {[%emt 0:00:00]} Bd7 {[%emt 0:00:01]} 4. Bxd7+ {[%emt 0:00:15]}
Qxd7 {[%emt 0:00:03]} 5. O-O {[%emt 0:00:13]} Nf6 {[%emt 0:00:05]} 6. d4 {
[%emt 0:00:15]} (6. Qe2 Nc6 7. Rd1 Rc8 8. c3 e6 9. d4 cxd4 10. Nxd4 Be7 11. Nf3
Qc7 12. c4 a6 13. b3 Nxe4 14. Qxe4 Bf6 15. Nc3 Bxc3 16. Rb1 Bf6 17. Bb2 Bxb2
18. Rxb2 Rd8 19. Rbd2 h6 20. g4 Ne7 21. Qf4 O-O 22. Qg3 e5 23. Nh4 b5 24. cxb5
axb5 25. Nf5 Nxf5 26. gxf5 Qe7 27. Rd5 b4 28. Qg4 Qf6 29. Qxb4 Qxf5 30. Rxd6
Rxd6 31. Qxd6 Re8 32. Rd3 Re6 33. Qd8+ Kh7 34. Rg3 Qb1+ 35. Kg2 Qe4+ {Karjakin,
S (2759)-Dominguez Perez,L (2754) Wijk aan Zee 2014 1/2-1/2 (71)}) 6... cxd4 {
[%emt 0:03:36]} 7. Qxd4 {[%emt 0:00:16]} Nc6 {[%emt 0:01:20]} 8. Qd3 {[%emt 0:
00:18]} g6 {[%emt 0:14:21]} 9. c4 {[%emt 0:00:32]} Bg7 {[%emt 0:00:52]} 10. Nc3
{[%emt 0:00:42]} O-O {[%emt 0:04:34]} 11. h3 {[%emt 0:00:19]} Rac8 $146 {
[%emt 0:07:55]} (11... Qd8 12. Be3 Nd7 13. Rac1 Qa5 14. Qb1 Rac8 15. Rfd1 Rfe8
16. Nd2 Nb6 17. c5 Bxc3 18. Rxc3 Na4 19. Ra3 dxc5 20. b3 Nc3 21. Rxa5 Nxb1 22.
Rxc5 Nxd2 23. Rxd2 Red8 24. Rcd5 a6 25. Rd7 Rxd7 26. Rxd7 b5 27. g4 e6 28. Rb7
h5 29. Rb6 hxg4 30. hxg4 Nb4 31. a4 Nc2 32. axb5 axb5 33. Rxb5 Nxe3 34. fxe3
Rc2 35. Kf1 Kf8 36. b4 Rc4 37. Ke2 Rxe4 38. Kf3 Rc4 39. Rb7 g5 40. Rb5 Ke7 41.
Rxg5 {Shomoev,A (2587)-Dominguez Perez,L (2757) Loo 2014 1/2-1/2}) 12. Rb1 {
[%emt 0:00:44]} Qe6 {[%emt 0:10:29]} 13. b3 {[%emt 0:03:47]} a6 {[%emt 0:06:01]
} 14. Bb2 {[%emt 0:06:03] The Ukrainian duel seemed as if it was heading for a
long game as Lagno utilized a Maroczy type set-up against Ushenina's Sicilian.
However Black played far too passively and without any real plan, allowing
Lagno to crash through in the center and win in only 24 moves using relatively
simple moves.} Nd7 {[%emt 0:12:29]} 15. Rfe1 {[%emt 0:05:14]} Nc5 {[%emt 0:01:
48]} 16. Qe2 {[%emt 0:15:38]} Rb8 {[%emt 0:02:18]} 17. Nd5 {[%emt 0:04:21]}
Bxb2 {[%emt 0:03:21]} 18. Rxb2 {[%emt 0:01:18]} Qd7 {[%emt 0:04:05]} 19. e5 {
[%emt 0:14:42]} Qd8 {[%emt 0:14:37]} 20. Rd2 {[%emt 0:01:43]} Kg7 {[%emt 0:06:
38]} 21. Qe3 {[%emt 0:05:29]} a5 {[%emt 0:02:34]} 22. exd6 {[%emt 0:03:34]}
exd6 {[%emt 0:00:05]} 23. Qc3+ {[%emt 0:00:32]} f6 {[%emt 0:00:08]} 24. Rde2 {
[%emt 0:01:16]} Kg8 {[%emt 0:00:43]} 25. Re8 {[%emt 0:01:27]} 1-0

[Event "Khanty-Mansiysk FIDE GP (Women)"]
[Site "Khanty-Mansiysk"]
[Date "2014.04.20"]
[Round "10"]
[White "Muzychuk, Anna"]
[Black "Hou, Yifan"]
[Result "1/2-1/2"]
[WhiteElo "2560"]
[BlackElo "2618"]
[Annotator "ChessBase Website"]
[PlyCount "54"]
[EventDate "2014.04.09"]
[EventType "tourn"]
[EventRounds "11"]
[EventCountry "RUS"]
[EventCategory "10"]
[SourceTitle "CBM 160"]
[Source "ChessBase"]
[SourceDate "2014.05.15"]
[SourceVersion "1"]
[SourceVersionDate "2014.05.15"]
[SourceQuality "1"]
[TimeControl "40/5400+30:1800+30"]
[WhiteClock "1:30:00"]
[BlackClock "1:30:00"]

1. e4 {[%emt 0:00:00]} c5 {[%emt 0:00:00]} 2. Nf3 {[%emt 0:00:00]} d6 {[%emt 0:
00:00]} 3. Bb5+ {[%emt 0:00:00]} Bd7 {[%emt 0:00:23]} 4. Bxd7+ {[%emt 0:00:00]}
Qxd7 {[%emt 0:00:06]} 5. c4 {[%emt 0:00:34]} Nf6 {[%emt 0:01:03]} 6. Nc3 {
[%emt 0:00:10]} g6 {[%emt 0:00:10]} 7. O-O {[%emt 0:01:24]} Bg7 {[%emt 0:01:38]
} 8. d4 {[%emt 0:00:37]} cxd4 {[%emt 0:00:07]} 9. Nxd4 {[%emt 0:00:04]} O-O {
[%emt 0:00:27]} 10. f3 {[%emt 0:02:44]} (10. b3 Nc6 11. Bb2 a6 12. Nd5 Nxd5 13.
exd5 Nxd4 14. Bxd4 Bxd4 15. Qxd4 b5 16. Rfe1 Rfc8 17. h4 bxc4 18. bxc4 h5 19.
Re4 Rc7 20. Rae1 Rac8 21. Qb6 a5 22. Qxa5 Rxc4 23. Rxe7 Qf5 24. Qd2 Qf4 25.
Qxf4 Rxf4 26. g3 Rf5 27. a4 Rxd5 28. Re8+ Rxe8 29. Rxe8+ Kg7 30. Ra8 Rd3 31. a5
{1/2-1/2 (31) Karjakin,S (2766)-Mamedyarov,S (2757) Khanty-Mansiysk 2014})
10... Rc8 {[%emt 0:04:19]} 11. b3 {[%emt 0:02:24]} d5 {[%emt 0:00:16]} 12. exd5
{[%emt 0:00:26]} Nxd5 {[%emt 0:00:11]} 13. Nxd5 {[%emt 0:00:15]} e6 {[%emt 0:
00:10]} 14. Bh6 {[%emt 0:02:30]} exd5 {[%emt 0:00:30]} 15. Bxg7 {[%emt 0:00:05]
} Kxg7 {[%emt 0:00:08]} 16. Nb5 {[%emt 0:03:34]} dxc4 {[%emt 0:04:41]} 17. Nd6
{[%emt 0:01:18]} Rd8 {[%emt 0:01:09]} 18. Nxb7 {[%emt 0:03:55]} Qxd1 {[%emt 0:
02:13]} 19. Rfxd1 {[%emt 0:00:07]} Rxd1+ {[%emt 0:00:06]} 20. Rxd1 {[%emt 0:00:
05]} cxb3 {[%emt 0:00:05]} 21. axb3 {[%emt 0:00:06]} Nc6 {[%emt 0:00:17]} 22.
Rd7 {[%emt 0:04:36]} a5 {[%emt 0:01:31]} 23. Rd6 $146 {[%emt 0:02:53]} (23. Nd6
Ne5 24. Re7 Kf6 25. Rb7 a4 26. Ne4+ Kg7 27. bxa4 Rxa4 28. Kf2 Ra2+ 29. Kg3 {
1/2-1/2 (31) Edouard,R (2686)-Vachier Lagrave,M (2711) Al Ain 2012}) 23... Rc8
{[%emt 0:01:47]} 24. Rd7 {[%emt 0:01:49] “After two losses and a terrible
blunder, I thought the aggressive approach today might bring even further
disappointments. So a draw against the tournament leader is far from being
bothersome, it is good to run away from the unfortunate series I had and try
again tomorrow”- Anna said during the press conference.} Ra8 {[%emt 0:01:48]}
25. Rd6 {[%emt 0:02:07]} Rc8 {[%emt 0:00:14]} 26. Rd7 {[%emt 0:00:06]} Ra8 {
[%emt 0:00:11]} 27. Rd6 {[%emt 0:00:14]} Rc8 {[%emt 0:00:08]} 1/2-1/2